Tratado de natación: de la iniciación al perfeccionamiento
שמור ב:
| Main Authors: | , , , |
|---|---|
| פורמט: | ספר |
| שפה: | ספרדית |
| יצא לאור: |
Barcelona
Paidotribo
2008
|
| מהדורה: | 1a. ed |
| נושאים: | |
| תגים: |
הוספת תג
אין תגיות, היה/י הראשונ/ה לתייג את הרשומה!
|
MARC
| LEADER | 00000cam a2200000 a 4500 | ||
|---|---|---|---|
| 001 | UCH1530 | ||
| 003 | CL-VaPUC | ||
| 008 | 090430e20080000SP |||||||||||||||||spa|d | ||
| 020 | |a 9788480199544 | ||
| 082 | 0 | 4 | |a 797.21 |b CAM |2 21 |
| 100 | 0 | |a Camiña Fernández, Francisco |e author |9 536034 | |
| 700 | 0 | |a Cancela Carral, José María |e author |9 536035 | |
| 700 | 0 | |a Pariente Baglietto, Sonia |e author |9 536036 | |
| 700 | 0 | |a Lorenzo Blanco, Ricardo |e author |9 536037 | |
| 245 | 1 | 0 | |a Tratado de natación: de la iniciación al perfeccionamiento |
| 250 | |a 1a. ed | ||
| 300 | |a 362 p | ||
| 942 | |c BK | ||
| 945 | |d 20090430 00:00:00 |a rbrito | ||
| 260 | |a Barcelona |b Paidotribo |c 2008 | ||
| 650 | 0 | |a Natación |9 307454 | |
| 650 | 7 | |a HISTORIA DE LA NATACION |2 CL-VaPUC |9 536038 | |
| 650 | 7 | |a ENTRENAMIENTO ATLETICO |2 CL-VaPUC |9 536039 | |
| 650 | 7 | |a DEPORTES ACUATICOS |2 CL-VaPUC |9 262007 | |
| 650 | 7 | |a ESTILOS DE NATACION |2 CL-VaPUC |9 362825 | |
| 650 | 0 | |a Métodos de enseñanza |9 270413 | |
| 583 | |a last modification |c 20170828 10:01:13 |k Rodrigo Vera | ||
| 999 | |c 333541 |d 333539 | ||
| 952 | |0 0 |1 0 |4 0 |6 797_210000000000000_CAM_2008 |7 0 |8 A |9 422003 |a BIBEDU |b BIBEDU |d 2019-11-22 |i 4540743 |o 797.21 CAM 2008 |p 4540743 |r 2019-11-22 |w 2019-11-22 |y BK |k EFI | ||
| 952 | |0 0 |1 0 |4 0 |6 797_210000000000000_CAM_2008 |7 0 |8 C |9 422004 |a BIBCUR |b BIBCUR |d 2019-11-22 |i 4708865 |o 797.21 CAM 2008 |p 4708865 |r 2025-04-22 |w 2019-11-22 |y BK |k DEN | ||
| 952 | |0 0 |1 0 |4 0 |6 797_210000000000000_CAM_2008 |7 0 |8 A |9 422005 |a BIBEDU |b BIBEDU |d 2019-11-22 |i 4732898 |o 797.21 CAM 2008 |p 4732898 |r 2019-11-22 |w 2019-11-22 |y BK |k EFI | ||
| 952 | |0 0 |1 0 |4 0 |6 797_210000000000000_CAM_2008 |7 0 |8 A |9 422006 |a BIBEDU |b BIBEDU |d 2019-11-22 |i 4764757 |l 2 |o 797.21 CAM 2008 |p 4764757 |r 2024-05-06 |s 2024-04-22 |w 2019-11-22 |y BK |k EFI | ||
| 952 | |0 0 |1 0 |4 0 |6 797_210000000000000_CAM_2008 |7 0 |8 A |9 422007 |a BIBEDU |b BIBEDU |d 2019-11-22 |i 4876865 |l 2 |o 797.21 CAM 2008 |p 4876865 |r 2023-04-26 |s 2023-04-12 |w 2019-11-22 |y BK |k EFI | ||
| 952 | |0 0 |1 0 |4 0 |6 797_210000000000000_CAM_2008 |7 0 |8 A |9 422008 |a BIBEDU |b BIBEDU |d 2019-11-22 |i 4876873 |o 797.21 CAM 2008 |p 4876873 |r 2019-11-22 |w 2019-11-22 |y BK |k EFI | ||